000
00178 a2200097 4500
020
_a
9780836843712
041
_a
spa
100
_a
Ganeri, Anita
245
_a
El Viento
942
_c
BK
999
_c
2628
_d
2628